000 00553nam a2200169Ia 4500
008 090201s9999 xx 000 0 und d
010 _aKPL-60146
040 _bमराठी
041 _aमराठी
082 _a3582
_b60146
100 _aविजय पांढरीपांडे
245 _aपत्रांजली
_cविजय पांढरीपांडे
260 _c2004
_bदिलीपराज प्रकाशन
300 _a180
_bमोठा
600 _aपत्रांजली
942 _cBOOK
999 _c204705
_d204705